1565 1712 1903 1147 1180 1547 1904 1420 1239 1479 1137 1006 1776 1591 1486 1120 1672 1702 1890 1910 1653 1765 1972 1773 1504 1426 1608 1819 1863 1791 1541 1400 1744 1787 1951 1704 1153 1160 1655 1336 1184 1801 1195 1176 1028 1406 1878 1782 1909 1255 1265 1462 1429 1544 1555 1242 1642 1532 1663 1895 1675 1260 1107 1173 1610 1875 1388 1293 1960 1901 1717 1254 1186 1196 1493 1540 1392 1720 1842 1515 1322 1327 1727 1528 1457 1200 1572 1533 1240 1607 1821 1902 1948 1712 1515 1242 1617 1548 1188 BCNSPRNW ULIB Ver.6.0+V

เปลี่ยนเป็นภาษาไทย

Change to English
 แสดงรายละเอียดบรรณานุกรม
  กลับหน้าหลัก

Brief Record : Get Marc (ISO 2709) : E-mail record : QR code < ปิดหน้าต่าง
LEADER : 00000nam 2200000uu 4500
001    13399123795
003     ULIB
008    141128s2557||||th 000 0 tha d
020    ^a9786163612144
060  4 ^aWS100^bส238ก ล.2
245 00 ^aกุมารเวชศาสตร์ 2/^cบรรณาธิการโดย สมบูรณ์ จันทร์สกุลพร และคนอื่น ๆ
250    ^aพิมพ์ครั้งที่ 2
260    ^aกรุงเทพฯ:^bคณะแพทยศาสตร์ มหาวิทยาลัยศรีนครินทรวิโรฒ,^c2557.
300    ^a578 หน้า
650  0 ^aกุมารเวชศาสตร์
700 0  ^aสมบูรณ์ จันทร์สกุลพร,^eบรรณาธิการ
945    ^p400^l0^i22086
945    ^p400^l0^i22087
945    ^p400^l0^i22088
945    ^p400^l0^i22089
945    ^p400^l0^i22090
999    ^aทศพร เกษรทอง
รายการนี้ยังไม่มีแท็ก
คุณยังไม่ได้ล็อกอิน คุณสามารถมีกิจกรรมร่วมกับเว็บไซต์ได้ แต่ต้องล็อกอินก่อน ::
  ล็อกอิน

รายการสื่อสารสนเทศ

ลำดับที่ ประเภท เลขเรียก/บาร์โค้ด สถานที่ สถานะ
1. วิทยาศาสตร์การแพทย์ และสุขภาพ
วิทยาศาสตร์การแพทย์ และสุขภาพ
สถานะ=หนังสือเก่า
WS100 ส238ก ล.2 ฉ.1 
  Barcode: 22086
ห้องสมุดวิทยาเขตนครสวรรค์
►ส่วนจัดเก็บหนังสือเก่า นว.
บนชั้น
  ขอยืม
2. วิทยาศาสตร์การแพทย์ และสุขภาพ
วิทยาศาสตร์การแพทย์ และสุขภาพ
สถานะ=หนังสือเก่า
WS100 ส238ก ล.2 ฉ.2 
  Barcode: 22087
ห้องสมุดวิทยาเขตนครสวรรค์
►ส่วนจัดเก็บหนังสือเก่า นว.
บนชั้น
  ขอยืม
3. วิทยาศาสตร์การแพทย์ และสุขภาพ
วิทยาศาสตร์การแพทย์ และสุขภาพ
สถานะ=หนังสือเก่า
WS100 ส238ก ล.2 ฉ.3 
  Barcode: 22088
ห้องสมุดวิทยาเขตนครสวรรค์
►ส่วนจัดเก็บหนังสือเก่า นว.
บนชั้น
  ขอยืม
4. วิทยาศาสตร์การแพทย์ และสุขภาพ
วิทยาศาสตร์การแพทย์ และสุขภาพ
สถานะ=หนังสือเก่า
WS100 ส238ก ล.2 ฉ.4 
  Barcode: 22089
ห้องสมุดวิทยาเขตนครสวรรค์
►ส่วนจัดเก็บหนังสือเก่า นว.
บนชั้น
  ขอยืม
5. วิทยาศาสตร์การแพทย์ และสุขภาพ
วิทยาศาสตร์การแพทย์ และสุขภาพ
สถานะ=หนังสือเก่า
WS100 ส238ก ล.2 ฉ.5 
  Barcode: 22090
ห้องสมุดวิทยาเขตนครสวรรค์
►ส่วนจัดเก็บหนังสือเก่า นว.
บนชั้น
  ขอยืม

รายการใกล้เคียง
    หัวเรื่อง [กุมารเวชศาสตร์]

BibComment


ยังไม่เคยถูกคอมเมนท์

คอมเมนท์ทรัพยากรรายการนี้
  คอมเมนท์: กุมารเวชศาสตร์ 2..


 Copyright 2026. Bcnsprnw @Library